| 000 | 00455nam a22001577a 4500 | ||
|---|---|---|---|
| 005 | 20231106102459.0 | ||
| 008 | 231106b |||||||| |||| 00| 0 eng d | ||
| 041 | _aEnglish | ||
| 082 | _a346.5 TRU | ||
| 100 |
_aVan der Westhuizen, WM _lEnglish |
||
| 245 |
_aTrusts : Beware of the Pitfalls / _cWM Van der Westhuizen |
||
| 260 | _c2009 | ||
| 300 |
_b54 pages ; _c30 cm. |
||
| 650 |
_aLegal practice _bLaw |
||
| 942 |
_cBK _6ALISON_BN_VRIES |
||
| 999 |
_c307 _d307 |
||